| 000 | 00991nam a22002657a 4500 | ||
|---|---|---|---|
| 005 | 20240530110907.0 | ||
| 008 | 220302s2009 le g b 000 0 ara d | ||
| 020 | _a9789953822518 | ||
| 040 |
_aEG-CaGPL _cEG-CaGPL |
||
| 082 | 0 | 4 |
_221 _a320/ _bع أ |
| 100 | 0 | _aعزمى بشارة | |
| 245 | 1 | 0 |
_aان تكون عربيا فى ايامنا / _cعزمى بشارة |
| 250 | _aط.1 | ||
| 260 |
_aبيروت : _bمركز دراسات الوحدة العربية، _c2009. |
||
| 300 |
_a239 ص. ؛ _c24 سم. |
||
| 504 | _aيشتمل على ارجاعات ببليوجرافية | ||
| 650 | 0 | 7 |
_2qrmak _aالقومية العربية |
| 650 | 0 | 7 |
_2qrmak _aالمواطنة _xالعالم العربى |
| 650 | 0 | 7 |
_2qrmak _aالديمقراطية _xالعالم العربى |
| 650 | 0 | 7 |
_2qrmak _aالقضية الفلسطينية |
| 650 | 0 | 7 |
_2qrmak _aالنزاع العربى الاسرائيلى |
| 651 | _2qrmak | ||
| 942 |
_2ddc _cBK |
||
| 999 |
_c66241 _d66241 |
||